00453nam a2200181Ia 4500003000400000005001700004008004100021020001800062040000700080041000800087082002600095100001800121245002600139260005800165300001700223365001300240650001800253OSt20230426112340.0210423s2017 xx 000 0 und d a9788126914333 cAL aeng a822.33 S-V 223bBRAS aBRADLEY (A C) aShakespearean tragedy aNew DelhibAtlantic Publishers and Distributorsc2017 axii, 444bPB b450cINR aEnglish Drama